| 000 | 00628nam a2200193 a 4500 | ||
|---|---|---|---|
| 001 | 000036306 | ||
| 005 | 20200930075647.0 | ||
| 008 | 120112s1984 xxu 000 0 spa d | ||
| 020 | _a0890046654 | ||
| 040 |
_aDO-SdBNP _bspa _cBNPHU |
||
| 082 |
_axxxx _bA633 |
||
| 245 | 0 | 0 |
_aAntiviral agents and viral diseases of man. / _cGeorge J. Galasso, Thomas C. Merigan, Robert A. Buchanan. |
| 260 |
_aNew York : _bRaven Press, _c1984. |
||
| 300 |
_a577 p. : _bils ; _c26 cm. |
||
| 504 | _aBibliografía : p.557-558 | ||
| 700 | 1 |
_aGalasso, George J. _962450 |
|
| 700 | 1 |
_aMerigan, Thomas C. _962451 |
|
| 700 | 1 |
_aBuchanan, Robert A. _962452 |
|
| 999 |
_c35797 _d35797 |
||